[Event "Landesliga U20 Nord 1415"]
[Site "Bayern"]
[Date "2015.03.21"]
[Round "7.3"]
[White "Knipfer, Martin"]
[Black "Dechant, Johanna"]
[Result "0-1"]
[WhiteElo "898"]
[BlackElo "1270"]
[PlyCount "106"]
[EventDate "2014.11.15"]
[EventType "team-tourn"]
[EventRounds "7"]
[EventCountry "GER"]
[SourceTitle "EXT 2022"]
[Source "ChessBase"]
[SourceDate "2021.10.06"]
[SourceVersion "1"]
[SourceVersionDate "2021.10.06"]
[SourceQuality "1"]
[WhiteTeam "Kriegshaber SK U20"]
[BlackTeam "Regensburg Bavaria U20 II"]
[WhiteTeamCountry "GER"]
[BlackTeamCountry "GER"]

1. d4 Nf6 2. g3 c5 3. dxc5 e6 4. Bg2 Bxc5 5. Nf3 0-0 6. 0-0 Nc6 7. Bf4 Qb6 8. e3 Qxb2 9. Nbd2 Qb6 10. Qb1 Qxb1 11. Raxb1 Nd5 12. e4 Nxf4 13. gxf4 a6 14. f5 exf5 15. exf5 b5 16. Nh4 Rb8 17. Ndf3 Bb7 18. Rfd1 d6 19. c3 Rfe8 20. Re1 Ne5 21. Nxe5 dxe5 22. Bxb7 Rxb7 23. Rbd1 f6 24. Rd2 b4 25. Rb1 Reb8 26. Rdb2 Rb6 27. Rb3 bxc3 28. Rxb6 Rxb6 29. Rc1 Bd4 30. Rc2 Rb2 31. Rc1 c2 32. Kg2 Rxa2 33. Nf3 a5 34. Nd2 g6 35. fxg6 hxg6 36. Nc4 Kf8 37. Nxa5 Rxa5 38. Rxc2 Rc5 39. Ra2 Ke7 40. Ra6 Rc2 41. Kg3 Bxf2+ 42. Kg4 e4 43. Ra4 f5+ 44. Kf4 Re2 45. Ra5 Bd4 46. h4 Rh2 47. Ra4 Rxh4+ 48. Kg5 Rg4+ 49. Kh6 Be3+ 50. Kh7 Kf7 51. Ra7+ Bxa7 52. Kh6 Be3+ 53. Kh7 Rh4# 0-1